Metodología y técnicas de investigación social

-д хадгалсан:
Номзүйн дэлгэрэнгүй
Үндсэн зохиолч: Corbetta, Piergiorgio (Зохиогч)
Формат: Ном
Хэл сонгох:испани
Хэвлэсэн: Madrid McGraw-Hill 2007
Нөхцлүүд:
Шошгууд: Шошго нэмэх
Шошго байхгүй, Энэхүү баримтыг шошголох эхний хүн болох!

MARC

LEADER 00000nam a2200000 a 4500
001 UCI4501
003 CL-VaPUC
008 080118e20070000SP |||||||||||||||||spa|d
020 |a 9788448156107 
082 0 4 |a 302.072  |b COR  |2 21 
100 0 |a Corbetta, Piergiorgio  |e author  |9 526444 
245 1 0 |a Metodología y técnicas de investigación social 
300 |a 422 p 
942 |c BK 
945 |d 20080118 00:00:00  |a jtorresc 
260 |a Madrid  |b McGraw-Hill  |c 2007 
650 0 |a Investigación social   |9 307814 
650 0 |a Métodos de investigación   |9 262618 
650 0 |a Método científico   |9 337193 
650 0 |a Conocimiento científico  |9 420542 
650 0 |a Método científico   |9 337193 
650 0 |a Ciencias sociales   |9 256351 
583 |a last modification  |c 20151117 20:12:52  |k Rodrigo Vera 
999 |c 328431  |d 328429 
952 |0 0  |1 0  |4 0  |6 302_072000000000000_COR_2007  |7 0  |8 A  |9 412342  |a BIBEDU  |b BIBEDU  |d 2019-11-22  |i 4403606  |o 302.072 COR 2007  |p 4403606  |r 2019-11-22  |w 2019-11-22  |y BK  |k EDU 
952 |0 0  |1 0  |4 0  |6 302_072000000000000_COR_2007  |7 0  |8 R  |9 412343  |a BIBGIM  |b BIBGIM  |d 2019-11-22  |i 445829K  |l 2  |o 302.072 COR 2007  |p 445829K  |r 2025-01-15  |s 2022-06-24  |w 2019-11-22  |y BK_R  |k SSL 
952 |0 0  |1 0  |4 0  |6 302_072000000000000_COR_2007  |7 0  |8 R  |9 412344  |a BIBGIM  |b BIBGIM  |d 2019-11-22  |i 4658191  |o 302.072 COR 2007  |p 4658191  |r 2025-01-15  |w 2019-11-22  |y BK_R  |k SSL